Cuerdas y nudos : (Registro nro. 10343)

Detalles MARC
000 -LEADER
fixed length control field 01698nam a2200289 4500
001 - CONTROL NUMBER
control field 0000022462
003 - CONTROL NUMBER IDENTIFIER
control field CO-CtgCURN
005 - DATE AND TIME OF LATEST TRANSACTION
control field 20250329191003.0
007 - PHYSICAL DESCRIPTION FIXED FIELD--GENERAL INFORMATION
fixed length control field ta
008 - FIXED-LENGTH DATA ELEMENTS--GENERAL INFORMATION
fixed length control field 160627s2000 000 0 eng d
020 ## - INTERNATIONAL STANDARD BOOK NUMBER
International Standard Book Number 9789584406828
040 ## - CATALOGING SOURCE
Original cataloging agency CO-CtgCURN
Language of cataloging spa
Transcribing agency coctgcurn
082 0# - DEWEY DECIMAL CLASSIFICATION NUMBER
Classification number 657.072
Item number C654c
111 2# - MAIN ENTRY--MEETING NAME
Meeting name or jurisdiction name as entry element Congreso Nacional de Estudiantes de Contaduria Publica de Colombia Universidad de Manizales CICUM/ FENECOP
Location of meeting Manizales, Colombia :
Date of a work 2002.
245 10 - TITLE STATEMENT
Title Cuerdas y nudos :
Remainder of title aportes a la Investigación contable al desarrollo futuro de la nacion colombiana /
Statement of responsibility, etc. XVI Congreso Nacional de Estudiantes de Contaduria Publica de Colombia Universidad de Manizales CICUM.
260 ## - PUBLICATION, DISTRIBUTION, ETC.
Place of publication, distribution, etc. Manizales :
Name of publisher, distributor, etc. Fenecop,
Date of publication, distribution, etc. 2000.
300 ## - PHYSICAL DESCRIPTION
Extent 396 p.
336 ## - CONTENT TYPE
Source rdacontent
337 ## - MEDIA TYPE
Source rdamedia
Media type term sin mediacion
Media type code n
338 ## - CARRIER TYPE
Source rdacarrier
Carrier type term volumen
Carrier type code nc
505 8# - FORMATTED CONTENTS NOTE
Formatted contents note El papel de la contabilidad en la consolidacion de la responsabilidad social de la empresa : una vision critica de la etica empresarial.--Conocimiento contable e identidad latinoamerica.--Nacionalismo y conocimiento en el contexto del nuevo milenio.--La educación contable no es juego : la metafora del agua.--Hacia una linea de investigación.--Contabilidad internacional reto o imposicion.--Campamentos ludico-Politico.--Contador publico.--Etica y empresa
650 14 - SUBJECT ADDED ENTRY--TOPICAL TERM
Topical term or geographic name entry element Contabilidad
Form subdivision Enseñanza
General subdivision Congresos, conferencias, etc.
710 2# - ADDED ENTRY--CORPORATE NAME
Corporate name or jurisdiction name as entry element Congreso Nacional de Estudiantes de Conduria Publica de Colombia Universidad del Atlantico UNICA / FENECOP (2000 : Barranquilla)
908 ## - PUT COMMAND PARAMETER (RLIN)
Put command parameter 160627
942 ## - ADDED ENTRY ELEMENTS (KOHA)
Koha item type Libros
Classification part 657.072
Item part C654c
Source of classification or shelving scheme Dewey Decimal Classification
Existencias
Withdrawn status Lost status Source of classification or shelving scheme Damaged status Not for loan Collection Home library Current library Shelving location Date acquired Inventory number Total checkouts Full call number Barcode Date last seen Price effective from Koha item type Public note
    Dewey Decimal Classification     General Miguel Henríquez Castañeda Miguel Henríquez Castañeda General 03/29/2025 010741   657.072 C654c 010741 03/29/2025 03/29/2025 Libros 650-ADMINS